Marketingu i turizmit / (Record no. 285)
[ view plain ]
| 000 -LEADER | |
|---|---|
| fixed length control field | 00560nam a22002057a 4500 |
| 008 - FIXED-LENGTH DATA ELEMENTS--GENERAL INFORMATION | |
| fixed length control field | 131112b xxu||||| |||| 00| 0 alb d |
| 020 ## - INTERNATIONAL STANDARD BOOK NUMBER | |
| International Standard Book Number | 9789994345113 |
| 041 0# - LANGUAGE CODE | |
| Language code of text/sound track or separate title | alb |
| 080 ## - UNIVERSAL DECIMAL CLASSIFICATION NUMBER | |
| Universal Decimal Classification number | 338.48 |
| Common auxiliary subdivision | (075.8) |
| 100 1# - Rafti | |
| Rafti | Koja, Vita |
| 245 10 - TITLE STATEMENT | |
| Title | Marketingu i turizmit / |
| Statement of responsibility, etc | Vita Koja, Klodiana Gorica |
| 260 ## - | |
| -- | [Tiranë] : |
| -- | albPAPER ; |
| -- | 2007. |
| 300 ## - | |
| -- | 254 f. ; |
| -- | 23 cm. |
| 500 ## - | |
| -- | Parathënie : f. [5]-6 |
| 505 ## - | |
| -- | Literatura : f. [249]-254 |
| 650 #0 - | |
| -- | Turizmi |
| 650 #0 - | |
| -- | Tregëtia turistike |
| 700 1# - | |
| -- | Gorica, Klodiana |
| 942 ## - ADDED ENTRY ELEMENTS (KOHA) | |
| Source of classification or shelving scheme | |
| Item type | Books |
| Withdrawn status | Lost status | Source of classification or shelving scheme | Damaged status | Not for loan | Collection code | Permanent location | Current location | Shelving location | Date acquired | Total Checkouts | Full call number | Barcode | Date last seen | Koha item type |
|---|---|---|---|---|---|---|---|---|---|---|---|---|---|---|
| Koleksioni i përgjithshem | UBT - Prishtine | UBT - Prishtine | Koleksioni i përgjithshem | 11/12/2013 | 338.48(075.8) KOJ | 001-000353 | 11/12/2013 | Books | ||||||
| Koleksioni i përgjithshem | UBT - Prishtine | UBT - Prishtine | Koleksioni i përgjithshem | 11/12/2013 | 338.48(075.8) KOJ | 001-000352 | 11/12/2013 | Books | ||||||
| Koleksioni i përgjithshem | UBT - Prishtine | UBT - Prishtine | Koleksioni i përgjithshem | 11/12/2013 | 338.48(075.8) KOJ | 001-000351 | 11/12/2013 | Books | ||||||
| Koleksioni i përgjithshem | UBT - Prishtine | UBT - Prishtine | Koleksioni i përgjithshem | 11/12/2013 | 338.48(075.8) KOJ | 001-000350 | 11/12/2013 | Books |